Score 0/8 Timer 01:00
0 Plays Today
Clue 4-Letter Word % Correct
'Swoosh' sports companyNIKE
99.4%
First name of Wayne of 'Wayne's World'MIKE
98%
5280 feetMILE
98%
Kind or compassionateNICE
96.4%
Breakfast or dinner, e.g.MEAL
96.3%
Grain grinder?MILL
92.9%
AverageMEAN
87.5%
In a confused manner; Pell-'___'MELL
85.3%

Today's Daily Dose

Remove Ads.
Support Sporcle.
Get the best of Sporcle when you Go Orange. This ad-free experience offers more features, more stats, and more fun while also helping to support Sporcle. Thank you for becoming a member.

You're not logged in!

Compare scores with friends on all Sporcle quizzes.
OR
Log In

Show Comments

Extras

Top Quizzes Today


Score Distribution

Your Account Isn't Verified!

In order to create a playlist on Sporcle, you need to verify the email address you used during registration. Go to your Sporcle Settings to finish the process.

Report this User

Report this user for behavior that violates our Community Guidelines.

Details: